Propuestas de reordenamiento vial en Ciudad Quesada
محفوظ في:
| المؤلف الرئيسي: | |
|---|---|
| مؤلفون آخرون: | |
| التنسيق: | كتاب |
| اللغة: | Spanish |
| منشور في: |
[San José ], Costa Rica
2019
|
| الموضوعات: | |
| الوسوم: |
إضافة وسم
لا توجد وسوم, كن أول من يضع وسما على هذه التسجيلة!
|
MARC
| LEADER | 00000nam a22000007a 4500 | ||
|---|---|---|---|
| 003 | 012997 | ||
| 005 | 20230524081714.0 | ||
| 008 | 190304b2019 cr a|||| |m|| 00| ||spa d | ||
| 040 | |c cru CEDI | ||
| 100 | |9 549 |a Espinoza Alfaro, Luis Daniel, 1993- | ||
| 245 | |a Propuestas de reordenamiento vial en Ciudad Quesada | ||
| 260 | |a [San José ], Costa Rica |c 2019 | ||
| 300 | |a v, 121, [187] hojas ; ilustraciones a color | ||
| 500 | |a Proyecto de graduación (licenciatura en ingeniería civil)--Universidad de Costa Rica. Facultad de Ingeniería. Escuela de Ingeniería Civil | ||
| 501 | |a Director de Proyecto de Graduación: Ing. Jonathan Agüero Valverde | ||
| 650 | |x FLUJO DE TRAFICO - MEDICIONES - CIUDAD QUESADA (SAN CARLOS, ALAJUELA, COSTA RICA) |x INGENIERÍA DEL TRÁNSITO - CIUDAD QUESADA (SAN CARLOS, ALAJUELA, COSTA RICA) | ||
| 700 | |9 242 |a Agüero Valverde, Jonathan Gerardo, 1976- |d Director del TFG | ||
| 942 | |c CEDI |h TFG 8147 |6 TFG_8147_000000000000000 | ||
| 999 | |c 21636 |d 21636 | ||
